00864nam a22002057a 4500008004100000020001800041040001800059041000800077245014700085260005000232300003200282504005300314650002700367650005600394650004400450650005500494651005600549700003200605700002100637130821s2009 xxka gr eng  a9781848446564 aCo-BoUCMbspa00aeng00aSectoral systems of innovation and production in developing countries actors, structure and evolutionceditado por Franco Malerba, Sunil Mani aCheltenham (Reino Unido)bEdward Elgarcc2009 aviii, 394 páginasbtablas aIncluye referencias bibliográficas e índice.04aDesarrollo económico04aDesarrollo económicoxInnovaciones tecnológicas04aEconomíaxInnovaciones tecnológicas04aInnovaciones tecnológicasxAspectos económicos 7aPaíses en desarrolloxInnovaciones tecnológicas1 aMalerba, Francod1950-eed.1 aMani, Sunileed.